Library Banner

قا دیانی قول و فعل (Record no. 63125)

MARC details
000 -LEADER
fixed length control field 00449nam a22001457a 4500
005 - DATE AND TIME OF LATEST TRANSACTION
control field 20150116171940.0
008 - FIXED-LENGTH DATA ELEMENTS--GENERAL INFORMATION
fixed length control field 150105b xxu||||| |||| 00| 0 eng d
040 ## - CATALOGING SOURCE
Transcribing agency PK-LaUMT
082 ## - DEWEY DECIMAL CLASSIFICATION NUMBER
Classification number KHC 297.86
Item number SIL-Q
100 ## - MAIN ENTRY--PERSONAL NAME
Personal name سلاح الدین محمد الیاس برنی
245 ## - TITLE STATEMENT
Title قا دیانی قول و فعل
260 ## - PUBLICATION, DISTRIBUTION, ETC. (IMPRINT)
Place of publication, distribution, etc حیدر آباد دکن
Name of publisher, distributor, etc شروانی پرنٹکگ پریس علیگڑھ
Date of publication, distribution, etc [N.D]
300 ## - PHYSICAL DESCRIPTION
Extent 392 ص
942 ## - ADDED ENTRY ELEMENTS (KOHA)
Koha item type Books
Holdings
Withdrawn status Lost status Damaged status Home library Current library Date acquired Full call number Barcode Date last seen Koha item type
      UMT Main Campus UMT Main Campus 2015-01-05 KHC 297.86 SIL-Q 72454 2015-01-05 Books